000
00205 a2200097 4500
001
27712
100
_a
Adair, J
245
_a
Training for communication
260
_a
_b
Macdonald
_c
090
_c
18487
_d
18487
942
_a
NUST-CAE
_c
M
_c
9432
999
_c
262785
_d
262785